| 000 | 00772nam a22001697a 4500 | ||
|---|---|---|---|
| 008 | 110824t xxu||||| |||| 00| 0 ara d | ||
| 020 | _a9775200741 | ||
| 082 |
_222 _bع ب د _a212 |
||
| 100 | 1 |
_926881 _aعبد الرحمن، ممدوح محمود |
|
| 245 |
_aالزينة والجمال : _bفي ميزان الإسلام / _cممدوح محمود عبد الرحمن . |
||
| 260 |
_aالقاهرة : _bمكتبة الزهراء ، _c1996. |
||
| 300 |
_a352 ص: _c24 سم. |
||
| 504 | _aيحتوي علي ارجاعات ببليوجرافية | ||
| 650 |
_914970 _aالآداب الإسلامية |
||
| 942 |
_2ddc _cBB |
||
| 999 |
_c15907 _d15907 |
||